| 000 -LEADER |
| fixed length control field |
00901pab a2200169 454500 |
| 008 - FIXED-LENGTH DATA ELEMENTS--GENERAL INFORMATION |
| fixed length control field |
180718b1999 xxu||||| |||| 00| 0 eng d |
| 100 ## - MAIN ENTRY--PERSONAL NAME |
| Personal name |
Shaw, Annapurna |
| 245 ## - TITLE STATEMENT |
| Title |
Emerging patterns of urban growth in India |
| 260 ## - PUBLICATION, DISTRIBUTION, ETC. |
| Date of publication, distribution, etc. |
1999 |
| 300 ## - PHYSICAL DESCRIPTION |
| Extent |
p.969-78 |
| 362 ## - DATES OF PUBLICATION AND/OR SEQUENTIAL DESIGNATION |
| Dates of publication and/or sequential designation |
17 & 23 Apr |
| 520 ## - SUMMARY, ETC. |
| Summary, etc. |
A study of investment in India's metropolitan cities (cities with million-plus population) and their neighbourhoods during the nineties indicates the emergence of urban cores of high investment and the virtual bypassing of the remaining metropolises by liberalisation-fostered growth. As the growth patterns of the 23 metropolises tend to reflect the state of the economies of their respective regions, this bespeaks the widening of interregional economic disparities. - Reproduced |
| 650 ## - SUBJECT ADDED ENTRY--TOPICAL TERM |
| Topical term or geographic name entry element |
Urban development |
| 650 ## - SUBJECT ADDED ENTRY--TOPICAL TERM |
| Topical term or geographic name entry element |
Urban growth |
| 773 ## - HOST ITEM ENTRY |
| Main entry heading |
Economic and Political Weekly |
| 909 ## - |
| -- |
40639 |